000 00270nam a22001217a 4500
040 _cHS
082 _a630
100 _aPATRICK J. LUDGATE
245 _aOn farm research on small ruminants
260 _apertanlan
_bPATRICK J. LUDGATE
_c1989
300 _aNA
942 _cEK
999 _c8749
_d8749